000 00552nam a2200205 a 4500
001 16984
003 CO-ViMGA
008 141112s2004 ck r 000 u spa d
020 _a9582813024
040 _aCO-ViMGA
_bspa
_cCO-ViMGA
082 0 4 _a658 M856h
100 1 _aMuñoz, Alberto
_924071
245 1 0 _aHaga rentable su negocio
260 _aBogotá,
_cIntermedio,
_c2002
300 _a228.p.
590 _aForma de adquisición : Premio - Mincultura
650 1 4 _aADMINISTRACION
_9558
650 1 4 _aGESTION DE NEGOCIOS
_917498
942 _2ddc
_cBK
999 _c26602
_d26602